00895cam a2200217 a 4500001001000000003000900010005001700019008004100036040002500077082002000102100003700122245006500159260009800224300003200322490003200354500012700386650003000513650005200543810004800595830003400643000011707DO-SdBNP20250515092446.0760529s1968 es a 000 0 eng  aDO-SdBNPbspacBNPHU a641.9728bR173a1 aRamírez, Marco Antonio,d1964-10aLos alimentos en Centroamérica /cMarco Antonio Ramírez. aSan Salvador :bSecretaría General de la Organización de Estados Centroamericanos,c1968. avi, 124 p. :bil. ;c21 cm.1 aMonografías técnicasv3 aOriginalmente bajo el título Necesidades actuales prévisibles y de alimentos en Centroamérica y Panamá, 1965-1980. 4aCocinazAmérica Central 0aAbastecimiento de alimentos zAmérica Central1 aOrganización de Estados Centroamericanos. 0aMonografías técnicas ;v3